|
|
|
|
| LEADER |
00000cam a2200000 a 4500 |
| 001 |
86646 |
| 005 |
20230308163448.0 |
| 008 |
991122|1991 ||||||||r|||||||||||spa|| |
| 020 |
|
|
|a 9586013111
|
| 040 |
|
|
|b spa
|
| 041 |
1 |
|
|a spa
|
| 082 |
0 |
|
|a 382
|
| 100 |
1 |
|
|a Lora, Eduardo
|9 39915
|
| 245 |
1 |
1 |
|a Apertura y modernización: las reformas de los noventa
|c Editor Eduardo Lora
|h imp
|
| 264 |
|
|
|a BVogotá
|b Tercer Mundo Editores
|c 1991
|
| 300 |
|
|
|a 298 p
|
| 650 |
1 |
0 |
|a Modernización
|9 1328
|
| 650 |
1 |
0 |
|a Reforma económica
|9 40431
|
| 650 |
1 |
0 |
|a Sector público
|9 1351
|
| 852 |
|
|
|a UC-CDJBV
|c PRIMER PISO
|f Compra
|k sara.alvarado
|l 1
|m General
|p 19911220
|q 17400,00
|r 2
|t 86646
|b 0
|d CDRC
|e CDRC
|g 382 PRIMER PISO
|z 1991-11-22
|
| 942 |
|
|
|c BK
|
| 999 |
|
|
|c 21664
|d 21664
|